| 000 | 00669nam a2200169 4500 | ||
|---|---|---|---|
| 003 | LK-CoMWRAF | ||
| 005 | 20240126102300.0 | ||
| 008 | 231215b |||||||| |||| 00| 0 eng d | ||
| 020 | _a9789558610381 | ||
| 040 |
_aLK-CoMWRAF _dLK-CoMWRAF _eLK-CoMWRAF |
||
| 041 |
_asin _atam _aeng |
||
| 082 |
_a362.82 _bWAH |
||
| 245 |
_aවහා ක්රියාත්මක වන්න = தற்பொமுதே செயற்படமும் = Act now _bWaha kriyathmaka wanna = Taṟpōtaiya ākṣaṉ paṭam |
||
| 260 |
_aකොළඹ : _bකාන්තා පර් යේෂණ කේන්ද්රය, |
||
| 300 | _eAccompanying 2 CD's | ||
| 942 | _cBK | ||
| 999 |
_c4489 _d4489 |
||